[Event "Hastings Masters 2016/17"]
[Site "Hastings, England"]
[Date "2017.01.04"]
[Round "8.21"]
[White "Wilbrandt, Simon Pil"]
[Black "Arkell, Keith C"]
[Result "1/2-1/2"]
[WhiteElo "2180"]
[BlackElo "2447"]
[PlyCount "0"]
[EventDate "2016.12.28"]

1. d4 {[%clk 1:40:57]} Nf6 {[%clk 1:33:02]} 2. c4 {[%clk 1:41:20]} c5
{[%clk 1:32:44]} 3. d5 {[%clk 1:40:43]} e5 {[%clk 1:33:09]} 4. Nc3
{[%clk 1:39:22]} d6 {[%clk 1:33:33]} 5. e4 {[%clk 1:38:47]} g6 {[%clk 1:33:57]}
6. Be2 {[%clk 1:37:02]} Bg7 {[%clk 1:34:20]} 7. Be3 {[%clk 1:32:47]} Na6
{[%clk 1:33:23]} 8. Nf3 {[%clk 1:32:20]} O-O {[%clk 1:33:42]} 9. Nd2
{[%clk 1:32:29]} Bd7 10. O-O {[%clk 1:22:38]} Nc7 {[%clk 1:25:16]} 11. a3
{[%clk 1:22:02]} a5 12. b3 {[%clk 1:06:33]} Qb8 {[%clk 1:22:48]} 13. a4
{[%clk 0:50:56]} Nfe8 {[%clk 1:22:55]} 14. f3 {[%clk 0:49:49]} f5
{[%clk 1:23:04]} 15. g4 {[%clk 0:47:45]} Qd8 {[%clk 1:22:40]} 16. gxf5
{[%clk 0:45:46]} gxf5 {[%clk 1:23:07]} 17. exf5 {[%clk 0:45:50]} Bxf5
{[%clk 1:23:12]} 18. Nde4 {[%clk 0:45:33]} Bh3 {[%clk 1:19:52]} 19. Rf2
{[%clk 0:41:19]} Kh8 {[%clk 1:14:25]} 20. Bf1 {[%clk 0:39:48]} Bf5
{[%clk 1:12:41]} 21. Raa2 {[%clk 0:39:43]} Nf6 {[%clk 1:11:22]} 22. Ng3
{[%clk 0:38:13]} Qd7 {[%clk 1:09:02]} 23. Nxf5 {[%clk 0:33:21]} Qxf5
{[%clk 1:09:23]} 24. Bd3 {[%clk 0:33:37]} Qh5 {[%clk 1:08:05]} 25. Ne4
{[%clk 0:32:07]} Nxe4 {[%clk 1:08:17]} 26. Bxe4 {[%clk 0:30:20]} Bh6
{[%clk 1:08:38]} 27. Qc1 {[%clk 0:27:00]} Bxe3 {[%clk 1:08:59]} 28. Qxe3
{[%clk 0:27:24]} Ne8 {[%clk 1:07:59]} 29. Rg2 {[%clk 0:26:03]} Nf6
{[%clk 1:08:22]} 30. Rg5 {[%clk 0:17:48]} Qh4 {[%clk 0:58:16]} 31. Rag2
{[%clk 0:15:44]} Rg8 32. Rxg8+ {[%clk 0:11:23]} Rxg8 {[%clk 0:56:10]} 33. Rxg8+
{[%clk 0:10:23]} Kxg8 {[%clk 0:56:32]} 34. Bc2 {[%clk 0:05:50]} Qd4
{[%clk 0:54:50]} 35. Kf2 {[%clk 0:05:01]} Nh5 {[%clk 0:49:30]} 36. Qxd4
{[%clk 0:04:34]} exd4 {[%clk 0:47:02]} 37. Kg2 {[%clk 0:03:41]} Kg7
{[%clk 0:45:31]} 38. Kh3 {[%clk 0:03:43]} Nf4+ {[%clk 0:36:55]} 39. Kg3
{[%clk 0:04:02]} Ne2+ {[%clk 0:34:23]} 40. Kf2 {[%clk 0:02:43]} Nf4
{[%clk 0:31:27]} 41. Kg3 {[%clk 0:02:06]} Ng6 {[%clk 0:31:13]} 42. f4
{[%clk 0:49:00]} Kf6 {[%clk 1:20:22]} 43. Kg4 {[%clk 0:47:38]} h5+
{[%clk 1:17:21]} 44. Kg3 {[%clk 0:46:16]} Ne7 {[%clk 1:16:44]} 45. Kh4
{[%clk 0:43:28]} Ng6+ {[%clk 0:54:48]} 46. Kg3 {[%clk 0:40:26]} Kg7
{[%clk 0:54:34]} 47. Bd3 {[%clk 0:40:34]} Kh6 {[%clk 0:54:47]} 48. Bc2
{[%clk 0:40:16]} Nf8 {[%clk 0:54:51]} 49. Bd3 {[%clk 0:38:43]} Nd7
{[%clk 0:55:14]} 50. Kh4 {[%clk 0:38:33]} Nf6 {[%clk 0:53:49]} 51. h3
{[%clk 0:38:45]} Ng8 {[%clk 0:53:59]} 52. Be2 {[%clk 0:38:13]} Ne7
{[%clk 0:54:04]} 53. Bd3 {[%clk 0:37:58]} Ng6+ {[%clk 0:54:18]} 54. Kg3
{[%clk 0:38:22]} Kg7 {[%clk 0:28:54]} 55. Be2 {[%clk 0:33:00]} Kh6
{[%clk 0:28:32]} 1/2-1/2

[Event "Hastings Masters 2016/17"]
[Site "Hastings, England"]
[Date "2017.01.04"]
[Round "8.22"]
[White "Bellin, Robert"]
[Black "Punnett, Alan K"]
[Result "1-0"]
[WhiteElo "2353"]
[BlackElo "2047"]
[PlyCount "0"]
[EventDate "2016.12.28"]

1. d4 {[%clk 1:40:56]} Nf6 {[%clk 1:40:15]} 2. Bf4 {[%clk 1:40:09]} g6
{[%clk 1:38:13]} 3. Nf3 {[%clk 1:40:08]} Bg7 {[%clk 1:38:38]} 4. e3
{[%clk 1:40:25]} c5 {[%clk 1:34:32]} 5. Nbd2 {[%clk 1:38:41]} cxd4
{[%clk 1:33:24]} 6. exd4 {[%clk 1:39:03]} d6 {[%clk 1:32:51]} 7. Bc4
{[%clk 1:36:33]} O-O {[%clk 1:32:19]} 8. O-O {[%clk 1:36:56]} Nbd7
{[%clk 1:23:15]} 9. h3 {[%clk 1:34:47]} Nb6 {[%clk 1:20:19]} 10. Bb3
{[%clk 1:34:47]} Bf5 {[%clk 1:18:35]} 11. Re1 {[%clk 1:34:43]} h6
{[%clk 1:11:23]} 12. Nh4 {[%clk 1:20:53]} d5 {[%clk 1:07:16]} 13. Nxf5
{[%clk 1:18:25]} gxf5 {[%clk 1:05:59]} 14. c3 {[%clk 1:18:18]} e6
{[%clk 1:06:03]} 15. Re3 {[%clk 1:05:27]} Nbd7 {[%clk 0:56:23]} 16. g4
{[%clk 0:57:41]} fxg4 {[%clk 0:52:49]} 17. hxg4 {[%clk 0:52:20]} Nh7
{[%clk 0:52:23]} 18. Qe2 {[%clk 0:39:21]} Qf6 {[%clk 0:46:10]} 19. Bd6
{[%clk 0:38:08]} Rfc8 {[%clk 0:44:55]} 20. Bc2 {[%clk 0:37:25]} Ndf8
{[%clk 0:43:57]} 21. Be5 {[%clk 0:31:23]} Qh4 {[%clk 0:42:09]} 22. Bg3
{[%clk 0:31:03]} Qf6 {[%clk 0:40:50]} 23. f4 {[%clk 0:30:35]} Ng6
{[%clk 0:39:58]} 24. Rf1 {[%clk 0:30:27]} Ngf8 {[%clk 0:33:04]} 25. Nf3
{[%clk 0:23:12]} Qd8 {[%clk 0:32:03]} 26. Bh4 {[%clk 0:18:01]} Qc7
{[%clk 0:30:56]} 27. Qh2 {[%clk 0:18:21]} a5 {[%clk 0:27:04]} 28. Rf2
{[%clk 0:15:39]} b5 {[%clk 0:25:59]} 29. Rg2 {[%clk 0:14:01]} b4 {[%clk 0:24:36]}
30. g5 {[%clk 0:13:44]} hxg5 {[%clk 0:23:19]} 31. Nxg5 {[%clk 0:13:37]} Nxg5
{[%clk 0:21:39]} 32. Bxg5 {[%clk 0:13:58]} Ng6 {[%clk 0:21:17]} 33. Qh5
{[%clk 0:13:11]} bxc3 {[%clk 0:21:14]} 34. bxc3 {[%clk 0:13:30]} Ra7
{[%clk 0:17:20]} 35. Bh6 {[%clk 0:12:30]} Qb6 {[%clk 0:14:07]} 36. Bxg7
{[%clk 0:11:35]} Kxg7 {[%clk 0:14:15]} 37. Bxg6 {[%clk 0:11:58]} 1-0

[Event "Hastings Masters 2016/17"]
[Site "Hastings, England"]
[Date "2017.01.04"]
[Round "8.23"]
[White "Anderson, John"]
[Black "Radovanovic, Jovica"]
[Result "1/2-1/2"]
[WhiteElo "2156"]
[BlackElo "2351"]
[PlyCount "0"]
[EventDate "2016.12.28"]

1. e4 c5 2. Nf3 e6 3. Nc3 Nc6 4. d4 cxd4 5. Nxd4 d6 6. g3 Bd7 7. Nb3 a6 8. Bg2 b5
9. a3 Nf6 10. O-O Rc8 11. Qe2 Be7 12. f4 O-O 13. g4 Ne8 14. Bd2 Nc7 15. Rf3 a5
16. a4 e5 17. f5 Nd4 18. Nxd4 exd4 19. Nxb5 Nxb5 20. axb5 Rxc2 21. Qd3 Rxb2 22.
Bxa5 Qb8 23. b6 Bg5 24. Qxd4 Bf6 25. Qd1 Rxb6 26. Bc3 Bxc3 27. Rxc3 Bc6 28. Rac1
Ba8 29. Qd4 h6 30. Rc7 Rb4 31. Qxd6 Bxe4 32. Bxe4 Rxe4 33. h3 Qe8 34. Qc5 Re3 35.
Rc8 Re1+ 36. Rxe1 Qxe1+ 37. Kg2 Qe2+ 38. Kg3 Qd3+ 39. Kg2 Qe4+ 40. Kg3 Rxc8 41.
Qxc8+ Kh7 42. Qc3 h5 43. Qf3 Qe5+ 44. Kg2 Kh6 45. gxh5 Kg5 46. Qg4+ Kf6 47. h6
Qb2+ 48. Kg3 Qc3+ 49. Kh4 gxh6 50. Kh5 Qd2 51. h4 Qe3 52. Qf4 Qxf4 1/2-1/2

[Event "Hastings Masters 2016/17"]
[Site "Hastings, England"]
[Date "2017.01.04"]
[Round "8.24"]
[White "Kalavannan, Koby"]
[Black "Hand, Freddie"]
[Result "1-0"]
[WhiteElo "2163"]
[BlackElo "2205"]
[PlyCount "0"]
[EventDate "2016.12.28"]

1. d4 {[%clk 1:41:00]} d5 {[%clk 1:38:40]} 2. Nf3 {[%clk 1:41:27]} Nf6
{[%clk 1:39:03]} 3. c4 {[%clk 1:41:51]} c6 {[%clk 1:39:26]} 4. Qb3
{[%clk 1:42:11]} dxc4 {[%clk 1:39:35]} 5. Qxc4 {[%clk 1:42:39]} Bg4
{[%clk 1:39:56]} 6. Qb3 {[%clk 1:43:01]} Qb6 {[%clk 1:27:51]} 7. Nbd2
{[%clk 1:43:25]} Nbd7 {[%clk 1:24:39]} 8. g3 {[%clk 1:43:49]} e6 {[%clk 1:24:35]}
9. Bg2 {[%clk 1:44:01]} Be7 {[%clk 1:23:45]} 10. O-O {[%clk 1:44:16]} O-O
{[%clk 1:24:02]} 11. Nc4 {[%clk 1:44:10]} Qxb3 {[%clk 1:19:46]} 12. axb3
{[%clk 1:44:39]} Nb6 {[%clk 1:14:58]} 13. Na5 {[%clk 1:41:59]} Nbd5
{[%clk 0:52:48]} 14. Nxb7 {[%clk 1:40:41]} Rfb8 {[%clk 0:47:39]} 15. Na5
{[%clk 1:40:41]} Rb6 {[%clk 0:45:37]} 16. h3 {[%clk 1:39:09]} Bh5 17. g4
{[%clk 1:38:49]} Bg6 {[%clk 0:45:32]} 18. Ne5 c5 {[%clk 0:33:58]} 19. g5
{[%clk 1:29:15]} Ne8 {[%clk 0:33:31]} 20. e4 {[%clk 1:07:39]} Nb4 21. d5
{[%clk 0:34:08]} Ra6 {[%clk 0:09:51]} 22. Bd2 {[%clk 0:28:33]} Bd6
{[%clk 0:06:20]} 23. Nxg6 {[%clk 0:26:32]} fxg6 {[%clk 0:06:08]} 24. dxe6
{[%clk 0:26:47]} Be5 {[%clk 0:04:25]} 25. Bxb4 {[%clk 0:15:46]} cxb4
{[%clk 0:04:21]} 26. Nc4 {[%clk 0:15:57]} Rxe6 {[%clk 0:04:19]} 27. Ra5
{[%clk 0:08:25]} Bf4 {[%clk 0:04:03]} 28. e5 {[%clk 0:08:37]} Rd8
{[%clk 0:00:58]} 29. Bd5 {[%clk 0:08:51]} 1-0

[Event "Hastings Masters 2016/17"]
[Site "Hastings, England"]
[Date "2017.01.04"]
[Round "8.25"]
[White "Vangsgaard, Freja"]
[Black "Lyell, Mark"]
[Result "0-1"]
[WhiteElo "1975"]
[BlackElo "2203"]
[PlyCount "0"]
[EventDate "2016.12.28"]

1. d4 {[%clk 1:27:18]} d5 {[%clk 1:40:44]} 2. c4 {[%clk 1:27:20]} dxc4
{[%clk 1:40:57]} 3. Nc3 {[%clk 1:27:15]} a6 {[%clk 1:40:20]} 4. e4
{[%clk 1:22:56]} b5 {[%clk 1:38:02]} 5. a4 {[%clk 1:22:11]} b4 {[%clk 1:38:05]}
6. Na2 {[%clk 1:21:40]} e5 {[%clk 1:28:56]} 7. d5 {[%clk 1:14:00]} Qh4
{[%clk 1:27:51]} 8. Qe2 {[%clk 1:06:42]} Nf6 {[%clk 1:27:32]} 9. Nf3
{[%clk 1:05:31]} Qxe4 {[%clk 1:27:19]} 10. Qxe4 {[%clk 1:04:51]} Nxe4
{[%clk 1:27:46]} 11. Nxe5 {[%clk 1:04:15]} Nd7 {[%clk 1:16:06]} 12. Nc6
{[%clk 0:57:07]} Bc5 {[%clk 1:05:13]} 13. Be3 {[%clk 0:52:58]} Bxe3
{[%clk 1:04:55]} 14. fxe3 {[%clk 0:53:16]} a5 {[%clk 1:04:50]} 15. Bxc4
{[%clk 0:50:22]} Nb6 {[%clk 1:04:49]} 16. Bb5 {[%clk 0:34:48]} Ba6
{[%clk 0:54:03]} 17. Rd1 {[%clk 0:24:55]} Bxb5 {[%clk 0:53:04]} 18. axb5
{[%clk 0:25:14]} Na4 {[%clk 0:47:39]} 19. Rd4 {[%clk 0:22:35]} Nd6
{[%clk 0:44:55]} 20. O-O {[%clk 0:19:27]} Nxb2 {[%clk 0:41:27]} 21. b6
{[%clk 0:15:53]} cxb6 {[%clk 0:41:02]} 22. Naxb4 {[%clk 0:08:21]} axb4
{[%clk 0:41:11]} 23. Rxb4 {[%clk 0:08:48]} Nbc4 {[%clk 0:40:41]} 24. e4 f6
{[%clk 0:40:55]} 25. Nd4 {[%clk 0:01:50]} Kf7 {[%clk 0:33:10]} 26. Nf5
{[%clk 0:00:50]} Rhe8 {[%clk 0:30:25]} 27. Rxb6 {[%clk 0:00:35]} Nxf5
{[%clk 0:30:33]} 28. Rb7+ {[%clk 0:00:38]} Re7 {[%clk 0:30:43]} 29. Rxe7+
{[%clk 0:00:33]} Nxe7 {[%clk 0:31:06]} 30. Rc1 {[%clk 0:00:38]} Nd6
{[%clk 0:31:22]} 31. Re1 {[%clk 0:00:41]} Ng6 {[%clk 0:31:24]} 0-1

[Event "Hastings Masters 2016/17"]
[Site "Hastings, England"]
[Date "2017.01.04"]
[Round "8.26"]
[White "Press, Harry"]
[Black "Burrows, Martin P"]
[Result "1-0"]
[WhiteElo "1826"]
[BlackElo "2124"]
[PlyCount "0"]
[EventDate "2016.12.28"]

1. d4 {[%clk 1:40:58]} Nf6 {[%clk 1:40:47]} 2. c4 {[%clk 1:41:19]} e6
{[%clk 1:41:12]} 3. Nc3 {[%clk 1:41:42]} Bb4 {[%clk 1:41:36]} 4. Qc2
{[%clk 1:42:05]} d5 {[%clk 1:41:33]} 5. a3 {[%clk 1:42:27]} Bxc3+
{[%clk 1:41:54]} 6. Qxc3 {[%clk 1:42:48]} Ne4 {[%clk 1:41:09]} 7. Qc2
{[%clk 1:43:08]} c5 {[%clk 1:41:12]} 8. dxc5 {[%clk 1:43:24]} Nc6
{[%clk 1:40:29]} 9. cxd5 {[%clk 1:43:47]} exd5 {[%clk 1:40:40]} 10. Nf3
{[%clk 1:43:55]} Bf5 {[%clk 1:31:00]} 11. b4 {[%clk 1:44:10]} d4 {[%clk 1:24:04]}
12. g4 {[%clk 1:35:21]} Bg6 {[%clk 1:17:57]} 13. Qb2 {[%clk 1:29:52]} O-O
{[%clk 1:01:55]} 14. Bg2 {[%clk 1:27:28]} Re8 {[%clk 1:01:06]} 15. O-O
{[%clk 1:25:45]} a6 {[%clk 0:46:28]} 16. Bf4 {[%clk 1:20:48]} Qf6
{[%clk 0:45:33]} 17. e3 {[%clk 1:10:54]} dxe3 {[%clk 0:40:33]} 18. Qxf6
{[%clk 1:09:43]} Nxf6 {[%clk 0:37:53]} 19. fxe3 {[%clk 1:09:51]} Nxg4
{[%clk 0:37:57]} 20. Nd4 {[%clk 1:08:05]} Be4 {[%clk 0:31:44]} 21. Bxe4
{[%clk 1:05:02]} Rxe4 {[%clk 0:31:06]} 22. Nf5 {[%clk 1:05:25]} Rd8
{[%clk 0:20:09]} 23. h3 {[%clk 1:03:28]} Nf6 {[%clk 0:20:06]} 24. Nd6
{[%clk 1:03:44]} Re7 {[%clk 0:19:28]} 25. Bg5 {[%clk 1:03:56]} Rdd7
{[%clk 0:16:32]} 26. Bxf6 {[%clk 0:56:55]} gxf6 {[%clk 0:16:54]} 27. e4
{[%clk 0:57:15]} Re6 {[%clk 0:15:04]} 28. Ra2 {[%clk 0:52:00]} Kf8
{[%clk 0:09:38]} 29. Raf2 {[%clk 0:49:55]} Ke7 {[%clk 0:09:34]} 30. Rg2
{[%clk 0:50:24]} Re5 {[%clk 0:07:33]} 31. h4 {[%clk 0:49:28]} Rh5
{[%clk 0:05:38]} 32. Rg8 {[%clk 0:46:48]} Ke6 {[%clk 0:05:03]} 33. Nf5
{[%clk 0:43:16]} Rxf5 {[%clk 0:01:49]} 34. Re8+ {[%clk 0:42:15]} Re7
{[%clk 0:01:19]} 35. exf5+ {[%clk 0:42:26]} Kd5 {[%clk 0:01:29]} 36. Rd1+
{[%clk 0:41:55]} Kc4 {[%clk 0:01:54]} 37. Rxe7 {[%clk 0:42:06]} Nxe7
{[%clk 0:02:21]} 38. Rd7 {[%clk 0:42:23]} Nxf5 {[%clk 0:02:34]} 39. Rxf7
{[%clk 0:42:16]} Nxh4 {[%clk 0:01:16]} 40. Rxh7 {[%clk 0:42:29]} Nf3+
{[%clk 0:01:38]} 41. Kf2 {[%clk 0:42:40]} Ne5 {[%clk 0:00:41]} 42. Rxb7
{[%clk 0:42:52]} a5 {[%clk 0:48:13]} 43. bxa5 {[%clk 1:32:42]} Kxc5
{[%clk 0:45:29]} 44. a6 {[%clk 1:32:49]} Kc6 {[%clk 0:44:51]} 45. Rb3
{[%clk 1:32:54]} 1-0

[Event "Hastings Masters 2016/17"]
[Site "Hastings, England"]
[Date "2017.01.04"]
[Round "8.27"]
[White "Snape, Ian L"]
[Black "Rice, Chris B"]
[Result "1-0"]
[WhiteElo "2222"]
[BlackElo "2002"]
[PlyCount "0"]
[EventDate "2016.12.28"]

1. c4 {[%clk 1:40:52]} c6 {[%clk 1:40:29]} 2. e4 {[%clk 1:40:48]} d5
{[%clk 1:40:02]} 3. cxd5 {[%clk 1:40:55]} cxd5 {[%clk 1:40:08]} 4. exd5
{[%clk 1:41:19]} Nf6 {[%clk 1:40:01]} 5. Qa4+ {[%clk 1:41:42]} Nbd7
{[%clk 1:40:06]} 6. Nc3 {[%clk 1:42:06]} g6 {[%clk 1:40:09]} 7. Bc4
{[%clk 1:42:05]} Bg7 {[%clk 1:40:21]} 8. Nf3 {[%clk 1:42:28]} O-O
{[%clk 1:40:26]} 9. d3 {[%clk 1:42:54]} a6 {[%clk 1:40:25]} 10. Qa3
{[%clk 1:43:06]} b6 {[%clk 1:40:16]} 11. O-O {[%clk 1:43:27]} Bb7
{[%clk 1:40:37]} 12. Re1 {[%clk 1:43:51]} Re8 {[%clk 1:40:26]} 13. Qb4
{[%clk 1:44:03]} b5 {[%clk 1:35:38]} 14. Bb3 {[%clk 1:44:24]} Nb6
{[%clk 1:23:10]} 15. Qh4 {[%clk 1:44:44]} Nbxd5 {[%clk 1:20:52]} 16. Ne5
{[%clk 1:44:25]} e6 {[%clk 1:08:27]} 17. Bg5 {[%clk 1:42:54]} Qd6
{[%clk 0:57:20]} 18. d4 {[%clk 1:26:14]} Rac8 {[%clk 0:49:09]} 19. Bxd5
{[%clk 1:21:25]} exd5 {[%clk 0:48:42]} 20. Qf4 {[%clk 1:12:33]} Qe6
{[%clk 0:39:32]} 21. Nd3 {[%clk 1:05:17]} Ne4 {[%clk 0:30:41]} 22. Nxe4
{[%clk 0:55:17]} dxe4 {[%clk 0:30:05]} 23. Nc5 {[%clk 0:55:08]} Rxc5
{[%clk 0:22:55]} 24. dxc5 {[%clk 0:55:31]} Bxb2 {[%clk 0:22:22]} 25. Rad1
{[%clk 0:54:51]} Bc3 {[%clk 0:14:42]} 26. Re2 {[%clk 0:47:42]} b4
{[%clk 0:07:51]} 27. Qd6 {[%clk 0:34:34]} Qg4 {[%clk 0:07:04]} 28. Qd7
{[%clk 0:33:16]} Qxe2 {[%clk 0:05:27]} 29. Qxe8+ {[%clk 0:33:42]} Kg7
{[%clk 0:05:50]} 30. Rf1 {[%clk 0:31:05]} Qg4 {[%clk 0:01:56]} 31. Be7
{[%clk 0:25:50]} Qc8 {[%clk 0:02:19]} 32. Bf8+ {[%clk 0:25:46]} Kg8
{[%clk 0:02:37]} 33. Qxc8 {[%clk 0:25:31]} Bxc8 {[%clk 0:03:03]} 34. Bh6
{[%clk 0:25:39]} Be6 {[%clk 0:02:23]} 35. Rd1 {[%clk 0:20:26]} f6
{[%clk 0:02:30]} 36. Rd6 {[%clk 0:17:24]} Kf7 {[%clk 0:00:48]} 37. Rxa6
{[%clk 0:16:51]} Ke7 {[%clk 0:00:34]} 38. Ra7+ {[%clk 0:14:27]} Kd8
{[%clk 0:00:54]} 39. c6 {[%clk 0:11:48]} g5 {[%clk 0:00:41]} 40. Bf8
{[%clk 0:11:56]} Bd5 {[%clk 0:00:32]} 1-0

[Event "Hastings Masters 2016/17"]
[Site "Hastings, England"]
[Date "2017.01.04"]
[Round "8.28"]
[White "Spanton, Tim R"]
[Black "Scott, Gordon W"]
[Result "0-1"]
[WhiteElo "1976"]
[BlackElo "2198"]
[PlyCount "0"]
[EventDate "2016.12.28"]

1. e4 {[%clk 1:40:57]} e6 {[%clk 1:40:56]} 2. d3 {[%clk 1:41:23]} d5
{[%clk 1:40:48]} 3. Qe2 {[%clk 1:41:47]} Nf6 {[%clk 1:38:47]} 4. Nf3
{[%clk 1:41:58]} Nc6 {[%clk 1:37:33]} 5. c3 {[%clk 1:41:39]} dxe4
{[%clk 1:36:26]} 6. dxe4 {[%clk 1:41:58]} e5 {[%clk 1:36:51]} 7. Nbd2
{[%clk 1:41:06]} a5 {[%clk 1:23:58]} 8. Nc4 {[%clk 1:40:38]} Bc5 {[%clk 1:24:15]}
9. Ncxe5 {[%clk 1:28:50]} O-O {[%clk 1:22:18]} 10. Nxc6 {[%clk 1:28:48]} bxc6
{[%clk 1:22:35]} 11. Bg5 {[%clk 1:28:14]} Re8 {[%clk 1:09:37]} 12. Rd1
{[%clk 1:26:12]} Qe7 {[%clk 1:01:47]} 13. Qc2 {[%clk 1:25:29]} Qxe4+
{[%clk 1:01:09]} 14. Qxe4 {[%clk 1:25:30]} Nxe4 {[%clk 0:58:15]} 15. Be3
{[%clk 1:21:00]} Nxf2 {[%clk 0:57:49]} 16. Kxf2 {[%clk 1:21:22]} Bxe3+
{[%clk 0:57:27]} 17. Kg3 {[%clk 1:21:44]} Be6 {[%clk 0:55:49]} 18. a3
{[%clk 1:18:58]} f5 {[%clk 0:50:03]} 19. h4 {[%clk 1:17:28]} f4+ {[%clk 0:50:09]}
20. Kh2 {[%clk 1:17:49]} Bf2 {[%clk 0:48:59]} 21. Bd3 {[%clk 1:13:37]} Bg3+
{[%clk 0:47:48]} 22. Kg1 {[%clk 1:13:58]} Bb3 {[%clk 0:42:34]} 23. Rd2
{[%clk 1:13:27]} c5 {[%clk 0:39:28]} 24. Bc2 {[%clk 1:11:11]} Bxc2
{[%clk 0:37:49]} 25. Rxc2 {[%clk 1:11:35]} Rad8 {[%clk 0:38:11]} 26. Rc1
{[%clk 1:10:16]} Re2 {[%clk 0:38:08]} 0-1

[Event "Hastings Masters 2016/17"]
[Site "Hastings, England"]
[Date "2017.01.04"]
[Round "8.29"]
[White "Ramsdal, Jens Albert"]
[Black "Krueger, Norbert"]
[Result "1-0"]
[WhiteElo "2190"]
[BlackElo "2046"]
[PlyCount "0"]
[EventDate "2016.12.28"]

1. e4 {[%clk 1:27:20]} c5 {[%clk 1:40:54]} 2. Nf3 {[%clk 1:27:21]} Nf6
{[%clk 1:41:17]} 3. Nc3 {[%clk 1:27:32]} Nc6 {[%clk 1:41:40]} 4. Bb5
{[%clk 1:19:24]} Nd4 {[%clk 1:42:00]} 5. e5 {[%clk 1:11:20]} Nxb5
{[%clk 1:42:15]} 6. Nxb5 {[%clk 1:11:33]} Nd5 {[%clk 1:42:40]} 7. O-O
{[%clk 1:10:43]} a6 {[%clk 1:32:54]} 8. c4 {[%clk 1:08:55]} Nb4 {[%clk 1:24:23]}
9. Nc3 {[%clk 1:09:16]} g6 {[%clk 1:06:37]} 10. d3 {[%clk 0:59:30]} Bg7
{[%clk 1:06:11]} 11. Bg5 {[%clk 0:59:35]} O-O {[%clk 0:58:48]} 12. a3
{[%clk 0:49:00]} Nc6 {[%clk 0:58:26]} 13. Nd5 {[%clk 0:49:28]} d6
{[%clk 0:50:59]} 14. d4 {[%clk 0:34:51]} f6 {[%clk 0:38:56]} 15. exf6
{[%clk 0:34:03]} exf6 {[%clk 0:37:50]} 16. Be3 {[%clk 0:32:03]} cxd4
{[%clk 0:35:55]} 17. Nxd4 {[%clk 0:32:25]} Nxd4 {[%clk 0:24:57]} 18. Bxd4
{[%clk 0:31:57]} Be6 {[%clk 0:25:19]} 19. Bb6 {[%clk 0:30:48]} Qd7
{[%clk 0:24:58]} 20. Re1 {[%clk 0:27:18]} Rae8 {[%clk 0:22:08]} 21. c5
{[%clk 0:19:42]} dxc5 {[%clk 0:18:38]} 22. Nc7 {[%clk 0:20:01]} Qc6
{[%clk 0:08:06]} 23. Nxe8 {[%clk 0:19:49]} Rxe8 {[%clk 0:08:34]} 24. Ba5
{[%clk 0:20:01]} Rc8 {[%clk 0:08:13]} 25. Bc3 {[%clk 0:18:07]} b5
{[%clk 0:07:52]} 26. Qe2 {[%clk 0:12:46]} Kf7 {[%clk 0:05:45]} 27. Rad1
{[%clk 0:12:50]} Rc7 {[%clk 0:04:09]} 28. Qe3 {[%clk 0:12:19]} Rc8
{[%clk 0:02:33]} 29. h3 {[%clk 0:10:52]} Rc7 {[%clk 0:02:53]} 30. Rd8
{[%clk 0:06:43]} Rc8 {[%clk 0:02:17]} 31. Rd2 {[%clk 0:05:46]} Rc7
{[%clk 0:01:38]} 32. Red1 {[%clk 0:05:44]} Rd7 {[%clk 0:01:12]} 33. Qf4
{[%clk 0:05:42]} Bd5 {[%clk 0:01:19]} 34. g4 {[%clk 0:04:31]} h6 {[%clk 0:01:07]}
35. h4 {[%clk 0:04:19]} g5 {[%clk 0:00:49]} 36. Qf5 {[%clk 0:04:27]} 1-0

[Event "Hastings Masters 2016/17"]
[Site "Hastings, England"]
[Date "2017.01.04"]
[Round "8.30"]
[White "Marzano, Carlo"]
[Black "Larsen, Andreas"]
[Result "1-0"]
[WhiteElo "2186"]
[BlackElo "1976"]
[PlyCount "0"]
[EventDate "2016.12.28"]

1. d4 {[%clk 1:40:55]} d5 {[%clk 1:40:54]} 2. Nf3 {[%clk 1:41:15]} c6
{[%clk 1:41:18]} 3. c4 {[%clk 1:41:31]} e6 {[%clk 1:41:43]} 4. Nc3
{[%clk 1:41:51]} f5 {[%clk 1:42:01]} 5. Bf4 {[%clk 1:42:07]} Nf6 {[%clk 1:42:24]}
6. e3 {[%clk 1:42:27]} Be7 {[%clk 1:40:33]} 7. Bd3 {[%clk 1:42:42]} O-O
{[%clk 1:39:58]} 8. Qc2 {[%clk 1:43:08]} b6 {[%clk 1:35:01]} 9. cxd5
{[%clk 1:38:16]} Nxd5 {[%clk 1:32:37]} 10. Nxd5 {[%clk 1:37:51]} exd5
{[%clk 1:32:09]} 11. Bxb8 {[%clk 1:36:35]} Rxb8 {[%clk 1:32:33]} 12. Qxc6
{[%clk 1:36:44]} Bb4+ {[%clk 1:27:12]} 13. Ke2 {[%clk 1:34:44]} f4
{[%clk 1:23:22]} 14. Ne5 {[%clk 1:24:58]} fxe3 {[%clk 1:03:53]} 15. fxe3
{[%clk 1:23:13]} Qh4 {[%clk 1:03:49]} 16. Nf3 {[%clk 0:49:08]} Bg4
{[%clk 0:51:12]} 17. Qxd5+ {[%clk 0:46:10]} Kh8 {[%clk 0:51:28]} 18. Raf1
{[%clk 0:40:03]} Rbe8 {[%clk 0:48:05]} 19. Qc4 {[%clk 0:33:18]} Qh6
{[%clk 0:43:38]} 20. Qc1 {[%clk 0:33:00]} Rc8 {[%clk 0:36:59]} 21. Qd1
{[%clk 0:33:24]} Rce8 {[%clk 0:34:47]} 22. Qc1 {[%clk 0:18:56]} Rc8
{[%clk 0:34:36]} 23. Qd1 {[%clk 0:19:25]} Rce8 {[%clk 0:34:39]} 24. e4
{[%clk 0:12:02]} Qd6 {[%clk 0:31:16]} 25. a3 {[%clk 0:11:46]} Qxd4
{[%clk 0:30:01]} 26. axb4 {[%clk 0:12:08]} Rf4 {[%clk 0:29:42]} 27. Qd2
{[%clk 0:10:38]} g5 {[%clk 0:23:00]} 28. Qc3 {[%clk 0:07:48]} Rfxe4+
{[%clk 0:23:02]} 29. Kd2 {[%clk 0:07:17]} Re2+ {[%clk 0:20:40]} 30. Kc1
{[%clk 0:07:45]} 1-0

[Event "Hastings Masters 2016/17"]
[Site "Hastings, England"]
[Date "2017.01.04"]
[Round "8.31"]
[White "Sikkel, Dirk"]
[Black "Healey, Michael W"]
[Result "0-1"]
[WhiteElo "1956"]
[BlackElo "2173"]
[PlyCount "0"]
[EventDate "2016.12.28"]

1. e4 {[%clk 1:40:03]} e5 {[%clk 1:40:40]} 2. Nf3 {[%clk 1:40:19]} Nc6
{[%clk 1:41:00]} 3. Bb5 {[%clk 1:40:15]} a6 {[%clk 1:41:26]} 4. Bxc6
{[%clk 1:40:40]} dxc6 {[%clk 1:41:53]} 5. O-O {[%clk 1:40:56]} Ne7
{[%clk 1:42:02]} 6. d3 {[%clk 1:28:49]} Ng6 {[%clk 1:41:47]} 7. Nbd2
{[%clk 1:27:00]} Be6 {[%clk 1:33:49]} 8. Nc4 {[%clk 1:23:36]} f6 {[%clk 1:30:54]}
9. Qe2 {[%clk 1:19:47]} b5 {[%clk 1:29:14]} 10. Na5 {[%clk 1:15:39]} Qd7
{[%clk 1:29:15]} 11. Be3 {[%clk 1:13:08]} Bd6 {[%clk 1:23:40]} 12. Rfd1
{[%clk 1:03:19]} O-O {[%clk 1:21:03]} 13. Nb3 {[%clk 1:02:19]} Qe7
{[%clk 1:20:02]} 14. c3 {[%clk 0:54:50]} Rae8 {[%clk 1:19:34]} 15. Nfd2
{[%clk 0:51:35]} Nh8 {[%clk 1:11:18]} 16. c4 {[%clk 0:44:54]} Qf7
{[%clk 1:06:32]} 17. Nc5 {[%clk 0:42:39]} Bc8 {[%clk 1:06:42]} 18. b4
{[%clk 0:41:00]} g5 {[%clk 1:06:40]} 19. Ndb3 {[%clk 0:34:11]} Qg6
{[%clk 1:04:17]} 20. a3 {[%clk 0:29:37]} g4 {[%clk 1:02:33]} 21. Ra2
{[%clk 0:26:07]} Qh5 {[%clk 0:57:19]} 22. Rf1 {[%clk 0:24:16]} Ng6
{[%clk 0:57:18]} 23. g3 {[%clk 0:23:23]} Re7 {[%clk 0:54:53]} 24. Na5
{[%clk 0:20:47]} Rg7 {[%clk 0:53:33]} 25. Nxc6 {[%clk 0:14:15]} Nf4
{[%clk 0:53:08]} 26. Qd2 {[%clk 0:12:36]} Nh3+ {[%clk 0:45:41]} 27. Kh1
{[%clk 0:12:55]} f5 {[%clk 0:45:36]} 28. Bh6 {[%clk 0:11:13]} f4 {[%clk 0:45:28]}
29. Bxg7 {[%clk 0:10:47]} Kxg7 {[%clk 0:45:11]} 30. gxf4 {[%clk 0:09:33]} Nxf4
{[%clk 0:41:03]} 31. Rg1 {[%clk 0:06:53]} Rf6 {[%clk 0:39:00]} 32. Na7
{[%clk 0:06:05]} Qxh2+ 0-1